| 000 | 01329cam a2200361 i 4500 | ||
|---|---|---|---|
| 001 | 4724531 | ||
| 003 | EG-ScBUE | ||
| 005 | 20250728094321.0 | ||
| 008 | 010402t2000 enka f b 001 0 eng d | ||
| 020 | _a0582226287 | ||
| 020 | _a9780582226289 | ||
| 040 |
_aUKM _beng _erda _cUKM _dSZR _dCtY _dEG-ScBUE |
||
| 082 | 0 | 4 |
_a543.1 _bVOG _222 |
| 100 | 1 |
_aVogel, Arthur I. _q(Arthur Israel) _eauthor. _938458 |
|
| 245 | 1 | 0 |
_aVogel's textbook of quantitative chemical analysis / _crevised by J. Mendham [and three others] |
| 246 | 3 | 0 | _aTextbook of quantitative chemical analysis |
| 250 | _aSixth edition. | ||
| 264 | 1 |
_aHarlow : _bPrentice Hall / Pearson Education, _c2000. |
|
| 300 |
_axxvii, 806 pages : _billustrations ; _c25 cm |
||
| 336 |
_2rdacontent _atext _btxt |
||
| 337 |
_aunmediated _2rdamedia _bn |
||
| 338 |
_avolume _bnc _2rdacarrier |
||
| 500 | _aPrevious ed.: Harlow : Longman Scientific & Technical, 1989. | ||
| 504 | _aIncludes bibliographical references and index. | ||
| 650 | 7 |
_aChemistry, Analytic _xQuantitative. _2BUEsh _96411 |
|
| 651 | _2BUEsh | ||
| 653 |
_bPPhrm _cOctober2015 |
||
| 653 |
_bPPhrm _cFebruary2019 |
||
| 655 | _vReading book | ||
| 700 | 1 |
_aMendham, John, _ereviewer. |
|
| 700 | 1 |
_aVogel, Arthur I. _q(Arthur Israel) _tTextbook of quantitative inorganic analysis. _96410 |
|
| 942 |
_2ddc _cBB |
||
| 999 |
_c20880 _d20852 |
||